000 00463nam a22001817a 4500
005 20251108164209.0
008 250721s1976 xx 000 0 ara d
082 1 4 _a070.962/محم
100 1 _aسلماوي، محمد
245 1 0 _aمحرر الشئون الخارجية /
264 1 _aالقاهرة :
_c1976.
300 _a93ص
650 1 7 _aالصحافة
650 1 7 _aتاريخ مصر
650 1 7 _aالصحف
942 _2ddc
_cBK
999 _c6102
_d6102